|
|
|
|
| LEADER |
00000cam a2200000 7i4500 |
| 001 |
0000242542 |
| 005 |
20210629035742.0 |
| 006 |
a ###j ### |
| 007 |
t |
| 008 |
210629 enka j eng |
| 020 |
|
|
|a 9781474968119
|
| 040 |
|
|
|a MBPJ
|b eng
|c MBPJ
|e rda
|
| 090 |
0 |
0 |
|a 388
|b ONE
|
| 245 |
0 |
0 |
|a 199 Things on the Road
|c Illustrated by Gebriele Antonini
|
| 246 |
1 |
3 |
|a One hundred ninety-nine Things on the Road
|
| 264 |
|
1 |
|a England :
|b Usborne Publishing Ltd.
|c 2019
|
| 264 |
|
4 |
|c ©2019
|
| 300 |
|
|
|a 1 volume (various pagings) :
|b colour illustrations ;
|c 26 cm.
|
| 336 |
|
|
|a still image
|2 rdacontent
|
| 336 |
|
|
|a text
|2 rdacontent
|
| 337 |
|
|
|a unmediated
|2 rdamedia
|
| 338 |
|
|
|a volume
|2 rdacarrier
|
| 650 |
|
0 |
|a Transportation
|v Pictorial works
|v Juvenile literature
|
| 700 |
1 |
|
|a Antoni, Gebriele ,
|e illustrator
|
| 999 |
|
|
|a 00380776
|b BUKU
|c JUNIOR BOOKS
|e PERPUSTAKAAN KOMUNITI PETALING JAYA
|